000
00226nam a22000857a 4500
008
161121b xxu||||| |||| 00| 0 eng d
100
_9
1301
_a
Moore.P.
245
_a
Scary Ghost Stories to Thrill You
260
_a
New Delhi
_b
Mohit
_c
2012
999
_c
4015
_d
4015